Kappumannina mukha. (Record no. 102173)
[ view plain ]
| 000 -LEADER | |
|---|---|
| fixed length control field | 00550nam a2200193Ia 4500 |
| 003 - CONTROL NUMBER IDENTIFIER | |
| control field | OSt |
| 005 - DATE AND TIME OF LATEST TRANSACTION | |
| control field | 20250723122103.0 |
| 008 - FIXED-LENGTH DATA ELEMENTS--GENERAL INFORMATION | |
| fixed length control field | 210210b1999 xxu||||| |||| 00| 0 eng d |
| 040 ## - CATALOGING SOURCE | |
| Transcribing agency | AL |
| 041 ## - LANGUAGE CODE | |
| Language code of text/sound track or separate title | Kannada |
| 082 ## - DEWEY DECIMAL CLASSIFICATION NUMBER | |
| Classification number | K894.1 NAYK |
| 100 ## - MAIN ENTRY--PERSONAL NAME | |
| Personal name | NAYAKA RUPASINGA G |
| 9 (RLIN) | 89204 |
| Dates associated with a name | ನಾಯಕ ರೂಪಸಿಂಗ ಜಿ |
| 245 ## - TITLE STATEMENT | |
| Title | Kappumannina mukha. |
| Remainder of title | ಕಪ್ಪುಮಣ್ಣಿನ ಮುಖ |
| 260 ## - PUBLICATION, DISTRIBUTION, ETC. | |
| Place of publication, distribution, etc. | Bijapura |
| Name of publisher, distributor, etc. | Nayaka Rupasinga Ji |
| Date of publication, distribution, etc. | 1999 |
| 300 ## - PHYSICAL DESCRIPTION | |
| Extent | 55 |
| 690 ## - LOCAL SUBJECT ADDED ENTRY--TOPICAL TERM (OCLC, RLIN) | |
| Topical term or geographic name as entry element | Kannada Poetry |
| 9 (RLIN) | 89205 |
| 906 ## - LOCAL DATA ELEMENT F, LDF (RLIN) | |
| a | 054306 |
| 942 ## - ADDED ENTRY ELEMENTS (KOHA) | |
| Source of classification or shelving scheme | Dewey Decimal Classification |
| Koha item type | Book |
| Withdrawn status | Lost status | Source of classification or shelving scheme | Damaged status | Not for loan | Collection code | Home library | Current library | Shelving location | Date acquired | Cost, normal purchase price | Total Checkouts | Full call number | Barcode | Date last seen | Price effective from | Koha item type |
|---|---|---|---|---|---|---|---|---|---|---|---|---|---|---|---|---|
| Dewey Decimal Classification | Kannada | St Aloysius Library | St Aloysius Library | Stack Section | 02/17/2021 | 25.00 | K894.1 NAYK | 054306 | 02/17/2021 | 02/17/2021 | Book | |||||
| Dewey Decimal Classification | Kannada | St Aloysius Library | St Aloysius Library | 02/17/2021 | 25.00 | K894.1 NAYK | 054307 | 02/17/2021 | 02/17/2021 | Book |